000 00829nam a22001815i 4500
001 156031
003 ES-MaACL
005 20230906210310.0
008 970407s1888 sp |||| | spa d
040 _aCLM
_bspa
_cCCPB | SIC
110 2 _aInstituto Provincial de Segunda Enseñanza de Navarra.
_95223
245 1 0 _aMemoria sobre el estado del Instituto Provincial de 2ª. Enseñanza de Navarra durante el curso de 1886 à 1887 /
_cpor Victor Sainz de Robles.
260 _aPamplona :
_b[s.n.],
_c1888 (
_fImprenta Provincial à cargo de V. Cantera)
300 _a69 p. ;
_c23 cm.
610 2 4 _aInstituto Provincial de Segunda Enseñanza de Navarra-
_vMemorias.
_9134531
700 1 _aSáinz de Robles, Víctor.
_9132999
852 _aES-MaACL
_jT-454-F-18
_z-- Enc. hol., falto de la cub. original
_z-- Enc. en un vol. facticio
999 _c156031
_d156031